Loading...

Ritusamharam: samskrita-hindivyakhyasamvalitham/

Bibliografiske detaljer
Format: Printed Book
Udgivet: Varanasi: Chowkhamba Surbharati Prakasan, 2012.
Fag:
LEADER 00565nam a22001451a 4500
082 |a S1007  |b SIV/R 
245 |a Ritusamharam:  |b samskrita-hindivyakhyasamvalitham/  |c translated by Sivaprasad Dwivedi. 
260 |a Varanasi:  |b Chowkhamba Surbharati Prakasan,  |c 2012. 
300 |a 208p. 
650 |a Poetry Sanskrit Study  |9 7794 
650 |a Literature Sanskrit  |9 7795 
650 |a Literature  |9 7796 
942 |c BK 
999 |c 63780  |d 63780 
952 |0 0  |1 0  |4 0  |6 S_1007_000000000000000_SIV_R  |7 0  |9 85188  |a SSUS  |b SSUS  |c STACKS  |d 2016-12-19  |g 250.00  |o S1007 SIV/R  |p 0677797  |r 2016-12-19  |w 2016-12-19  |y BK